| 000 | 00653cam a22002173a 4500 | ||
|---|---|---|---|
| 001 | 40149 | ||
| 003 | PGUSA | ||
| 005 | 20140828083908.0 | ||
| 008 | 120707s2012||||xxu|||||s|||||000 | eng d | ||
| 040 |
_aPGUSA _beng |
||
| 042 | _adc | ||
| 100 | 1 |
_aPerrot, Georges, _d1832-1914 |
|
| 245 | 1 | 2 |
_aA History of Art in Ancient Egypt, Vol. II (of 2) _h[electronic resource] / _cGeorges Perrot |
| 260 |
_bProject Gutenberg, _c2012 |
||
| 506 | _aPublic domain in the USA. | ||
| 516 | _aElectronic text | ||
| 700 | 1 |
_aArmstrong, Walter, _cSir, _d1850-1918 |
|
| 830 | 0 |
_aProject Gutenberg _v40149 |
|
| 856 | 4 | 0 | _uhttp://www.gutenberg.org/ebooks/40149 |
| 942 | _cEB | ||
| 999 |
_c269402 _d269402 |
||